00547 2200205 4500001002100000005001500021008004100036020002200077035001900099041000600118082001000124090001600134100002000150700002500170245007500195260002600270300002400296500000600320650001500326INLIS00000000000512920241224113037241224||||||||| | ||| |||| ||  a978-979-3714-77-6 0010-1224005129 a00 a373.1 a373.1 TIM p0 aTim kalisa Pena0 aTim Ahli Hikmah Ilmu00aPaket 3 in 1 Siap Ulangan Harian dan Semester Ipa Kelas XI B Untuk SMA aJakartabHikmahc2009 aii, 174 hlm.; 29 cm a1 0apendidikan